Open Data Biblioteca Nacional de Portugal


República Portuguesa: Ministério da Cultura
Biblioteca Nacional de Portugal

Catálogo da BNP: acesso por Identificadores Unívocos
Registos Bibliográficos associados ao registo de autoridade

Etiqueta de registo: 00684cam 02200241 04500
001 113468
003 http://id.bnportugal.gov.pt/bib/catbnp/113468
005 19981120170100.0
095 ## $aPTBN00118509
100 ## $a19840601d1984 em y0pora0103 ba
101 1# $apor
102 ## $aPT
200 1# $aHércules contra Hércules$ftexto Yannick segundo C. Arnal$gdesenhos Recreo$gtrad. Eduarda Correia
210 #9 $aLisboa$cDistri,$dD.L. 1984
215 ## $a48 p.$ctodo il.$d29 cm
225 2# $aBanda desenhada para todos
675 ## $a087.5$vmed$zpor$3287999
700 #0 $aYannick$3204656
701 #0 $aRecreo$4440$3205877
702 #1 $aArnal,$bCarbero$4100$3158357
702 #1 $aCorreia,$bEduarda$4730$377380
801 #0 $aPT$bBN$gRPC
966 ## $lBN$mFGMON$sP. 7094 V.
998 ## $aFSE87 - 00111

Etiqueta de registo: 00649cam 02200229 04500
001 34054
003 http://id.bnportugal.gov.pt/bib/catbnp/34054
005 19981112134600.0
095 ## $aPTBN00035000
100 ## $a19850101d1984 cd y0pora0103 ba
101 1# $apor$cfre
102 ## $aPT
200 1# $aHércules "O magnífico"$ftexto + desenhos Yannick$gsegundo C. Arnal
210 #9 $aLisboa$cDistri,$dD.L. 1984
215 ## $a46 p.$ctodo il.$d29 cm
225 2# $aB. D. para todos.$iPif e Hércules
304 ## $aTít. orig. Hercule le magnifique
675 ## $a087.5$vmed$zpor$3287999
700 #0 $aYannick$3204656
702 #1 $aArnal,$bCarbero$4100$3158357
801 #0 $aPT$bBN$gRPC
966 ## $lBN$mFGMON$sP. 7350 V.$x1
998 ## $aFSE35 - 00144

Etiqueta de registo: 00666cam 02200229 04500
001 25930
003 http://id.bnportugal.gov.pt/bib/catbnp/25930
005 19981111232400.0
095 ## $aPTBN00026630
100 ## $a19840601d1984 a y0pora0103 ba
101 1# $apor
102 ## $aPT
200 1# $aPif contra Krapulax$ftexto e desenhos de Motti e Corteggiani segundo C. Arnal$gtrad. Eduarda Correia
210 #9 $aLisboa$cDistri,$dD.L. 1984
215 ## $a50 p.$ctodo il.$d28 cm
225 2# $aBanda desenhada para todos
675 ## $a087.5$vmed$zpor$3287999
700 #0 $aMotti$3216566
701 #1 $aCorteggiani,$bFrançois,$f1953-2022$4070$4440$372538
702 #1 $aArnal,$bCarbero$4100$3158357
801 #0 $aPT$bBN$gRPC
966 ## $lBN$mFGMON$sP. 7093 V.
998 ## $aFSE79 - 00163

Etiqueta de registo: 00568cac 2200193 450
001 724839
003 http://id.bnportugal.gov.pt/bib/catbnp/724839
100 ## $a19990108d1940 a y0pory0103 ba
101 1# $apor
102 ## $aPT
105 ## $aa t 000yy
106 ## $ar
200 1# $aViagem extraordinária do cão Tap$fC. Arnal
210 #9 $aLisboa$c"O Mosquito",$d1940
215 ## $a[18] p.$cil.$d29 cm
317 ## $aColeção Leandro de Moraes Sarmento$5PTBN: L.M.S. 104
606 ## $aBanda desenhada$2SIPOR$31993752
606 ## $aLiteratura juvenil$2SIPOR$31248816
620 ## $dLisboa
675 ## $a741.5$vBN$zpor$3793872
675 ## $a087.5$vmed$zpor$3287999
700 #1 $aArnal,$bCarbero$3158357
801 #0 $aPT$bBN$gRPC
966 ## $lBN$mFGMON$sL. 6125//9 A. $x0
966 ## $lBN$mFGMON$sL. 12812//15 V.
966 ## $lBN$mFGMON$pBiblioteca particular Leandro de Moraes Sarmento$sL.M.S. 104 $x3

Etiqueta de registo: 00254nam 2200025 450
001 2285100
003 http://id.bnportugal.gov.pt/bib/catbnp/2285100
100 ## $a20260423d1966 m y0pory01030103ba
101 0# $apor
102 ## $aPT
105 ## $aa t 000yy
106 ## $ar
200 1# $aGuerra no país dos insectos$fC. Arnal
210 #9 $aLisboa$cCamarada",$d[1966]
215 ## $a24 p.$cil.$d28 cm
317 ## $aColeção Leandro de Moraes Sarmento$5PTBN: L.M.S. 833
518 1# $aGuerra no país dos insetos
606 ## $aBanda desenhada$2SIPOR$31993752
606 ## $aLiteratura juvenil$2SIPOR$31248816
675 ## $a741.5$vBN$zpor$3793872
675 ## $a087.5$vmed$zpor$3287999
700 #1 $aArnal,$bCarbero$3158357
801 #0 $aPT$bBN$gRPC
966 ## $lBN$mFGMON$pBiblioteca particular Leandro de Moraes Sarmento$sL.M.S. 833 $x3
966 ## $lBN$mFGMON$sP. 3472 V.$x1

Etiqueta de registo: 00601cam 02200205 04500
001 843895
003 http://id.bnportugal.gov.pt/bib/catbnp/843895
100 ## $a19990126d1936 bc y0pory0103 ba
101 0# $apor
102 ## $aPT
105 ## $aa t 000yy
106 ## $ar
200 1# $aGuerra no país dos insectos$fC. Arnal
210 #9 $aLisboa$c"O Mosquito",$d[1936]
215 ## $a[22] p.$cil.$d28 cm
304 ## $aDireitos de propriedade reservados: A . Cardoso Lopes e Artur Correia
317 ## $aColeção Leandro de Moraes Sarmento$5PTBN: L.M.S. 831
518 1# $aGuerra no apís dos insetos
606 ## $aBanda desenhada$2SIPOR$31993752
606 ## $aLiteratura juvenil$2SIPOR$31248816
675 ## $a741.5$vBN$zpor$3793872
675 ## $a087.5$vmed$zpor$3287999
700 #1 $aArnal,$bCarbero$3158357
702 #1 $aLopes,$bAntónio Cardoso,$f1908-1985$4340$3149429
702 #1 $aCorreia,$bRaúl,$f1904-1985$4340$351301
801 #0 $aPT$bBN$gRPC
966 ## $lBN$mFGMON$sL. 6740//6 V. $x7
966 ## $lBN$mFGMON$pBiblioteca particular Leandro de Moraes Sarmento$sL.M.S. 831 $x3

OpendataBNP@bnportugal.pt | Mais informação sobre acesso aos dados BNP